Kvantifikace dopadů zavedení společného konsolidovaného základu daně v Evropské unii do celkového základu daně korporací vykazovaného v České republice
Identifikácia dvoch prístupov k nadnárodným podnikom pri konštrukcii základu dane. Systém oddeleného účtovníctva. Jednotný systém. Alokačný mechanizmus v Európskej únii. Dopad alokačného mechanizmu na daňové príjmy členských štátov.
Saved in:
| Main Author: | |
|---|---|
| Other Authors: | |
| Format: | Book Chapter |
| Language: | Czech |
| Subjects: | |
| Tags: |
No Tags, Be the first to tag this record!
|
MARC
| LEADER | 00000naa a2200000 4500 | ||
|---|---|---|---|
| 001 | 0207112 | ||
| 005 | 20231207125922.1 | ||
| 041 | 0 | |a cze | |
| 044 | |a CZ | ||
| 245 | 1 | 0 | |a Kvantifikace dopadů zavedení společného konsolidovaného základu daně v Evropské unii do celkového základu daně korporací vykazovaného v České republice |c Danuše Nerudová, Veronika Solilová |
| 520 | |a Identifikácia dvoch prístupov k nadnárodným podnikom pri konštrukcii základu dane. Systém oddeleného účtovníctva. Jednotný systém. Alokačný mechanizmus v Európskej únii. Dopad alokačného mechanizmu na daňové príjmy členských štátov. | ||
| 610 | 2 | 0 | |a dane z príjmov |
| 610 | 2 | 0 | |a Česko |
| 610 | 2 | 0 | |a Európska únia |
| 610 | 2 | 0 | |a dane korporatívne |
| 610 | 2 | 0 | |a systémy účtovné |
| 100 | 1 | |a Nerudová, Danuše | |
| 700 | 1 | |a Solilová, Veronika | |